Riconosci il Pokémon - Quiz n°137 - Statistics

Statistiche generali
  • Questo quiz è stato fatto 5 volte
  • Il punteggio medio è 7 su 10
Statistiche sulle risposte
Indizio Risposta % Corretto
Tipo Psico
100%
Peso 30,6 kg
80%
Sesso 50% ♂, 50% ♀
80%
Stadio evoluzione Forma Base
80%
Abilità Grassospesso; Mente Locale; Voracità
80%
Generazione Terza
80%
Altezza 0,70 m
60%
Tasso di cattura 255 (43.9%)
60%
Tasso di allevamento Veloce
60%
Pokémon Spoink
40%
Nessun quiz corrispondente trovato
Distribuzione punteggi
Percentuale di utenti per punteggio
Percentile per numero di risposta
I tuoi punteggi nel tempo
Non hai fatto questo quiz